[Event "U14 Polish Youth Championship"]
[Site "chess24.com"]
[Date "2018.04.30"]
[Round "3"]
[White "Kujawa, Krzysztof"]
[Black "Michalski, Adrian"]
[Result "1-0"]
[Board "25"]
[WhiteElo "1595"]
[WhiteCountry "POL"]
[WhiteFideId "1194500"]
[WhiteEloChange "4"]
[BlackElo "1355"]
[BlackCountry "POL"]
[BlackFideId "21836140"]
[BlackEloChange "-4"]

1. e4 {[%clk 1:30:57]} c5 {[%clk 1:30:57]} 2. Nf3 {[%clk 1:31:03]} Nc6 {[%clk
1:31:20]} 3. d4 {[%clk 1:31:26]} cxd4 {[%clk 1:31:47]} 4. Nxd4 {[%clk 1:31:43]}
Nf6 {[%clk 1:32:05]} 5. Nc3 {[%clk 1:32:00]} e6 {[%clk 1:31:39]} 6. Ndb5 {[%clk
1:31:41]} d6 {[%clk 1:31:49]} 7. Bf4 {[%clk 1:31:50]} e5 {[%clk 1:32:11]} 8. Bg5
{[%clk 1:32:00]} a6 {[%clk 1:32:33]} 9. Na3 {[%clk 1:31:57]} b5 {[%clk 1:32:32]}
10. Nd5 {[%clk 1:31:59]} h6 {[%clk 1:32:52]} 11. Bxf6 {[%clk 1:23:24]} gxf6
{[%clk 1:33:14]} 12. Bd3 {[%clk 1:23:39]} Be6 {[%clk 1:33:17]} 13. c4 {[%clk
1:18:34]} b4 {[%clk 1:32:04]} 14. Nc2 {[%clk 1:18:20]} a5 {[%clk 1:31:11]} 15.
O-O {[%clk 1:18:00]} Rg8 {[%clk 1:30:21]} 16. Kh1 {[%clk 1:17:57]} Be7 {[%clk
1:23:49]} 17. Qh5 {[%clk 1:16:40]} Rg6 {[%clk 1:23:36]} 18. f4 {[%clk 1:15:42]}
exf4 {[%clk 1:21:43]} 19. Nxf4 {[%clk 1:15:52]} Rg5 {[%clk 1:20:59]} 20. Qxh6
{[%clk 1:09:34]} Kd7 {[%clk 1:20:16]} 21. Qh4 {[%clk 1:09:21]} Ne5 {[%clk
1:20:36]} 22. Ne3 {[%clk 0:53:31]} Qb6 {[%clk 1:20:15]} 23. Nfd5 {[%clk 0:49:24]}
Qd4 {[%clk 1:19:03]} 24. Bc2 {[%clk 0:49:23]} Bxd5 {[%clk 1:18:06]} 25. Nxd5
{[%clk 0:49:16]} Rag8 {[%clk 1:14:48]} 26. Qh3+ {[%clk 0:42:27]} Ng4 {[%clk
1:14:51]} 27. Rad1 {[%clk 0:34:23]} Qc5 {[%clk 1:14:03]} 28. e5 {[%clk 0:22:53]}
Kd8 {[%clk 1:05:11]} 29. exf6 {[%clk 0:23:00]} Bf8 {[%clk 1:04:10]} 30. Rde1
{[%clk 0:14:00]} Nf2+ {[%clk 1:03:58]} 31. Rxf2 {[%clk 0:13:58]} Rh5 {[%clk
1:03:17]} 32. Re8+ {[%clk 0:10:17]} Kxe8 {[%clk 1:03:29]} 33. Ba4+ {[%clk
0:10:44]} Kd8 {[%clk 1:03:42]} 34. Qd7# {[%clk 0:11:10]} 1-0

[Event "U14 Polish Youth Championship"]
[Site "chess24.com"]
[Date "2018.04.30"]
[Round "3"]
[White "Jozefik, Aleksander"]
[Black "Czarnomski, Dominik"]
[Result "1-0"]
[Board "26"]
[WhiteElo "1266"]
[WhiteCountry "POL"]
[WhiteFideId "21862184"]
[WhiteEloChange "17"]
[BlackElo "1554"]
[BlackCountry "POL"]
[BlackFideId "21836086"]
[BlackEloChange "-17"]

1. e4 {[%clk 1:30:45]} e6 {[%clk 1:31:00]} 2. d4 {[%clk 1:30:44]} d5 {[%clk
1:31:28]} 3. Nc3 {[%clk 1:29:58]} Bb4 {[%clk 1:31:48]} 4. e5 {[%clk 1:29:19]} b6
{[%clk 1:32:11]} 5. a3 {[%clk 1:28:08]} Bxc3+ {[%clk 1:32:34]} 6. bxc3 {[%clk
1:28:32]} Ne7 {[%clk 1:31:17]} 7. h4 {[%clk 1:28:26]} Ba6 {[%clk 1:29:35]} 8.
Bxa6 {[%clk 1:28:11]} Nxa6 {[%clk 1:30:03]} 9. h5 {[%clk 1:28:33]} c5 {[%clk
1:29:49]} 10. Qg4 {[%clk 1:27:35]} Qc7 {[%clk 1:13:56]} 11. Qxg7 {[%clk 1:17:52]}
Rg8 {[%clk 1:14:08]} 12. Qxh7 {[%clk 1:17:08]} cxd4 {[%clk 1:14:29]} 13. Qd3
{[%clk 1:15:34]} Qxe5+ {[%clk 1:06:49]} 14. Ne2 {[%clk 1:15:25]} Nc7 {[%clk
1:06:10]} 15. Bf4 {[%clk 1:14:44]} Qg7 {[%clk 1:06:23]} 16. Bxc7 {[%clk 1:13:57]}
Qxg2 {[%clk 1:05:52]} 17. Rh2 {[%clk 1:10:52]} Qg4 {[%clk 1:04:44]} 18. cxd4
{[%clk 1:08:36]} Nf5 {[%clk 1:03:56]} 19. Bg3 {[%clk 1:05:41]} Rc8 {[%clk
1:03:43]} 20. Rc1 {[%clk 1:04:12]} Rc4 {[%clk 1:02:50]} 21. c3 {[%clk 1:04:12]}
Kd7 {[%clk 1:02:41]} 22. h6 {[%clk 1:04:21]} Rh8 {[%clk 1:02:46]} 23. Bf4 {[%clk
1:03:32]} Nh4 {[%clk 0:59:30]} 24. Kf1 {[%clk 1:00:19]} Rcc8 {[%clk 0:59:37]} 25.
Qg3 {[%clk 0:59:49]} Qxg3 {[%clk 0:59:40]} 26. fxg3 {[%clk 0:59:08]} 1-0

[Event "U14 Polish Youth Championship"]
[Site "chess24.com"]
[Date "2018.05.01"]
[Round "4"]
[White "Paprocki, Stanislaw"]
[Black "Oglaza, Oskar"]
[Result "0-1"]
[Board "1"]
[WhiteElo "1748"]
[WhiteCountry "POL"]
[WhiteFideId "21817294"]
[WhiteEloChange "-2"]
[BlackElo "2237"]
[BlackCountry "POL"]
[BlackFideId "1194402"]
[BlackEloChange "2"]

1. e4 {[%clk 1:30:58]} e5 {[%clk 1:30:37]} 2. Nf3 {[%clk 1:30:38]} Nc6 {[%clk
1:30:58]} 3. Bc4 {[%clk 1:30:19]} Nf6 {[%clk 1:31:12]} 4. d3 {[%clk 1:30:03]} Be7
{[%clk 1:31:33]} 5. Nc3 {[%clk 1:29:38]} O-O {[%clk 1:31:32]} 6. O-O {[%clk
1:22:14]} d6 {[%clk 1:31:57]} 7. a3 {[%clk 1:22:20]} Kh8 {[%clk 1:31:04]} 8. Ng5
{[%clk 1:19:34]} Qe8 {[%clk 1:29:30]} 9. f4 {[%clk 1:18:50]} h6 {[%clk 1:28:42]}
10. Nf3 {[%clk 1:17:31]} exf4 {[%clk 1:20:51]} 11. Bxf4 {[%clk 1:15:51]} Be6
{[%clk 1:19:43]} 12. Nd5 {[%clk 1:10:22]} Bxd5 {[%clk 1:13:54]} 13. exd5 {[%clk
1:10:31]} Ne5 {[%clk 1:14:06]} 14. Nd4 {[%clk 0:55:59]} Nxc4 {[%clk 1:13:02]} 15.
dxc4 {[%clk 0:56:20]} Nh7 {[%clk 1:12:13]} 16. Qd3 {[%clk 0:35:52]} Qd7 {[%clk
1:10:53]} 17. Rae1 {[%clk 0:36:00]} Rae8 {[%clk 1:10:03]} 18. Nf5 {[%clk
0:33:41]} Bf6 {[%clk 1:08:56]} 19. b4 {[%clk 0:32:57]} Rxe1 {[%clk 1:04:33]} 20.
Rxe1 {[%clk 0:33:06]} Re8 {[%clk 1:04:52]} 21. Rf1 {[%clk 0:30:54]} Be5 {[%clk
0:47:55]} 22. Be3 {[%clk 0:26:51]} Nf6 {[%clk 0:46:51]} 23. Bd4 {[%clk 0:20:34]}
Ng4 {[%clk 0:42:19]} 24. Bxe5 {[%clk 0:20:03]} Nxe5 {[%clk 0:41:33]} 25. Qg3
{[%clk 0:19:51]} f6 {[%clk 0:36:18]} 26. Qc3 {[%clk 0:15:37]} c6 {[%clk 0:30:41]}
27. Qd4 {[%clk 0:14:50]} cxd5 {[%clk 0:24:42]} 28. Qxd5 {[%clk 0:08:11]} Rc8
{[%clk 0:23:48]} 29. Nxd6 {[%clk 0:06:40]} Rxc4 {[%clk 0:23:03]} 30. Rd1 {[%clk
0:07:00]} Rxc2 {[%clk 0:21:56]} 31. Qxb7 {[%clk 0:06:59]} Qxb7 {[%clk 0:20:42]}
32. Nxb7 {[%clk 0:07:20]} Ra2 {[%clk 0:20:59]} 33. h3 {[%clk 0:06:23]} Nc4 {[%clk
0:19:48]} 34. Rd3 {[%clk 0:06:18]} Nxa3 {[%clk 0:19:40]} 35. Na5 {[%clk 0:06:27]}
Nc2 {[%clk 0:19:19]} 36. Nc6 {[%clk 0:06:44]} a6 {[%clk 0:17:15]} 37. g4 {[%clk
0:05:09]} Kh7 {[%clk 0:14:39]} 38. Rd7 {[%clk 0:03:51]} Kg6 {[%clk 0:11:39]} 39.
h4 {[%clk 0:01:36]} Ne3 {[%clk 0:11:51]} 40. Ne7+ {[%clk 0:01:27]} Kh7 {[%clk
0:12:03]} 41. Nf5 {[%clk 0:01:10]} Nxf5 {[%clk 0:12:21]} 42. gxf5 {[%clk
0:01:36]} Ra4 {[%clk 0:12:12]} 43. Rb7 {[%clk 0:01:13]} a5 {[%clk 0:12:17]} 44.
bxa5 {[%clk 0:01:25]} Rxa5 {[%clk 0:12:43]} 45. Kg2 {[%clk 0:01:45]} Rxf5 {[%clk
0:13:09]} 46. Kg3 {[%clk 0:02:06]} h5 {[%clk 0:13:36]} 47. Ra7 {[%clk 0:02:21]}
Rb5 {[%clk 0:13:57]} 48. Rc7 {[%clk 0:02:41]} Rb3+ {[%clk 0:14:13]} 49. Kf4
{[%clk 0:02:46]} Rh3 {[%clk 0:14:33]} 0-1

[Event "U14 Polish Youth Championship"]
[Site "chess24.com"]
[Date "2018.05.01"]
[Round "4"]
[White "Czopor, Maciej"]
[Black "Fiedorek, Michal"]
[Result "1/2-1/2"]
[Board "2"]
[WhiteElo "2153"]
[WhiteCountry "POL"]
[WhiteFideId "21805431"]
[WhiteEloChange "-2"]
[BlackElo "2081"]
[BlackCountry "POL"]
[BlackFideId "1199528"]
[BlackEloChange "2"]

1. e4 {[%clk 1:30:57]} c5 {[%clk 1:30:56]} 2. Nf3 {[%clk 1:31:22]} d6 {[%clk
1:31:22]} 3. d4 {[%clk 1:31:45]} cxd4 {[%clk 1:31:46]} 4. Nxd4 {[%clk 1:32:10]}
Nf6 {[%clk 1:32:09]} 5. Nc3 {[%clk 1:32:34]} Nc6 {[%clk 1:32:29]} 6. Bg5 {[%clk
1:32:58]} e6 {[%clk 1:32:41]} 7. Qd2 {[%clk 1:33:17]} a6 {[%clk 1:32:57]} 8.
O-O-O {[%clk 1:33:36]} Bd7 {[%clk 1:33:18]} 9. f4 {[%clk 1:33:53]} Be7 {[%clk
1:33:37]} 10. Nf3 {[%clk 1:33:34]} b5 {[%clk 1:33:41]} 11. Bxf6 {[%clk 1:33:07]}
gxf6 {[%clk 1:34:01]} 12. Kb1 {[%clk 1:28:59]} Rc8 {[%clk 1:30:05]} 13. f5 {[%clk
1:17:48]} Qa5 {[%clk 1:29:03]} 14. fxe6 {[%clk 1:15:12]} fxe6 {[%clk 1:28:11]}
15. g3 {[%clk 1:10:58]} Ne5 {[%clk 1:20:28]} 16. Nxe5 {[%clk 1:07:07]} fxe5
{[%clk 1:20:47]} 17. Bh3 {[%clk 1:04:53]} b4 {[%clk 1:19:46]} 18. Ne2 {[%clk
1:04:52]} Qc5 {[%clk 1:13:08]} 19. Nc1 {[%clk 0:51:42]} a5 {[%clk 1:06:31]} 20.
Nd3 {[%clk 0:49:09]} Qc6 {[%clk 1:00:21]} 21. Rhf1 {[%clk 0:33:13]} Qxe4 {[%clk
0:43:04]} 22. Rfe1 {[%clk 0:31:37]} Qd4 {[%clk 0:33:15]} 23. Qh6 {[%clk 0:30:25]}
Qc4 {[%clk 0:32:42]} 24. Qh5+ {[%clk 0:27:05]} Kd8 {[%clk 0:31:48]} 25. Nxe5
{[%clk 0:27:22]} Qxc2+ {[%clk 0:26:46]} 26. Ka1 {[%clk 0:27:47]} Bf6 {[%clk
0:23:34]} 27. Nd3 {[%clk 0:27:01]} Ke7 {[%clk 0:09:42]} 28. Qg4 {[%clk 0:23:06]}
Qc4 {[%clk 0:08:32]} 29. Qe2 {[%clk 0:22:41]} Qc2 {[%clk 0:06:36]} 30. Qe3 {[%clk
0:22:21]} Qc4 {[%clk 0:03:12]} 1/2-1/2

[Event "U14 Polish Youth Championship"]
[Site "chess24.com"]
[Date "2018.05.01"]
[Round "4"]
[White "Baum, Jonasz"]
[Black "Niedbala, Bartlomiej"]
[Result "1/2-1/2"]
[Board "3"]
[WhiteElo "2121"]
[WhiteCountry "POL"]
[WhiteFideId "1195360"]
[WhiteEloChange "-4"]
[BlackElo "1956"]
[BlackCountry "POL"]
[BlackFideId "21834008"]
[BlackEloChange "4"]

1. e4 {[%clk 1:30:59]} c5 {[%clk 1:30:35]} 2. Nf3 {[%clk 1:31:24]} g6 {[%clk
1:30:58]} 3. d4 {[%clk 1:31:47]} cxd4 {[%clk 1:31:21]} 4. Nxd4 {[%clk 1:29:35]}
Nc6 {[%clk 1:31:43]} 5. Nc3 {[%clk 1:29:56]} Bg7 {[%clk 1:32:01]} 6. Nb3 {[%clk
1:30:20]} Nf6 {[%clk 1:31:27]} 7. Be2 {[%clk 1:30:43]} O-O {[%clk 1:30:56]} 8.
Be3 {[%clk 1:31:10]} d6 {[%clk 1:21:33]} 9. f4 {[%clk 1:25:32]} a5 {[%clk
1:12:39]} 10. a4 {[%clk 1:16:07]} Be6 {[%clk 1:12:04]} 11. Qd2 {[%clk 1:05:38]}
Rc8 {[%clk 1:11:43]} 12. Nd4 {[%clk 1:03:36]} Nxd4 {[%clk 0:54:08]} 13. Bxd4
{[%clk 1:04:00]} Bc4 {[%clk 0:51:43]} 14. O-O {[%clk 0:49:42]} Nxe4 {[%clk
0:42:09]} 15. Nxe4 {[%clk 0:50:05]} Bxd4+ {[%clk 0:42:22]} 16. Qxd4 {[%clk
0:50:28]} Bxe2 {[%clk 0:42:45]} 17. Rf2 {[%clk 0:50:30]} Bg4 {[%clk 0:31:21]} 18.
Re1 {[%clk 0:48:37]} Bf5 {[%clk 0:30:59]} 19. Nc3 {[%clk 0:47:53]} Re8 {[%clk
0:29:34]} 20. Nd5 {[%clk 0:37:23]} Rxc2 {[%clk 0:27:14]} 21. Rxc2 {[%clk
0:36:54]} Bxc2 {[%clk 0:27:42]} 22. Rxe7 {[%clk 0:28:33]} Rxe7 {[%clk 0:23:11]}
23. Nf6+ {[%clk 0:28:50]} Kf8 {[%clk 0:19:46]} 24. Nxh7+ {[%clk 0:28:37]} Ke8
{[%clk 0:18:31]} 25. Nf6+ {[%clk 0:28:51]} Kf8 {[%clk 0:18:58]} 26. Nh7+ {[%clk
0:29:00]} Ke8 {[%clk 0:19:24]} 27. Nf6+ {[%clk 0:29:18]} Kf8 {[%clk 0:19:53]} 28.
Nh7+ {[%clk 0:29:26]} Ke8 {[%clk 0:20:22]} 29. Nf6+ {[%clk 0:29:32]} Kf8 {[%clk
0:20:51]} 30. Nh7+ {[%clk 0:29:51]} Ke8 {[%clk 0:21:15]} 1/2-1/2

[Event "U14 Polish Youth Championship"]
[Site "chess24.com"]
[Date "2018.05.01"]
[Round "4"]
[White "Szydlo, Michal"]
[Black "Luczak, Filip"]
[Result "1-0"]
[Board "4"]
[WhiteElo "1673"]
[WhiteCountry "POL"]
[WhiteFideId "21810540"]
[WhiteEloChange "18"]
[BlackElo "2126"]
[BlackTitle "CM"]
[BlackCountry "POL"]
[BlackFideId "1193686"]
[BlackEloChange "-18"]

1. e4 {[%clk 1:30:59]} c5 {[%clk 1:30:55]} 2. Nf3 {[%clk 1:31:26]} d6 {[%clk
1:31:21]} 3. d4 {[%clk 1:31:51]} cxd4 {[%clk 1:31:47]} 4. Nxd4 {[%clk 1:32:18]}
Nf6 {[%clk 1:32:11]} 5. Nc3 {[%clk 1:32:45]} a6 {[%clk 1:32:38]} 6. Bg5 {[%clk
1:33:11]} Nbd7 {[%clk 1:32:55]} 7. Bc4 {[%clk 1:33:37]} e6 {[%clk 1:26:25]} 8.
O-O {[%clk 1:33:45]} b5 {[%clk 1:22:52]} 9. Bxe6 {[%clk 1:34:10]} fxe6 {[%clk
1:16:15]} 10. Nxe6 {[%clk 1:34:36]} Qb6 {[%clk 1:12:42]} 11. Nd5 {[%clk 1:35:02]}
Nxd5 {[%clk 1:10:58]} 12. Qxd5 {[%clk 1:35:24]} Nf6 {[%clk 1:05:50]} 13. Bxf6
{[%clk 1:32:11]} Ra7 {[%clk 0:58:55]} 14. Bd4 {[%clk 1:31:14]} Qb7 {[%clk
0:58:23]} 15. Bxa7 {[%clk 1:31:09]} Qxa7 {[%clk 0:58:53]} 16. Nxf8 {[%clk
1:31:05]} Rxf8 {[%clk 0:59:18]} 17. Qxd6 {[%clk 1:30:34]} Rf6 {[%clk 0:59:14]}
18. Qe5+ {[%clk 1:26:47]} Kf7 {[%clk 0:59:41]} 19. Rad1 {[%clk 1:24:46]} Be6
{[%clk 0:59:31]} 20. Qd4 {[%clk 1:23:15]} Qb7 {[%clk 0:59:26]} 21. f3 {[%clk
1:22:18]} h6 {[%clk 0:59:07]} 22. Rf2 {[%clk 1:21:03]} Kg8 {[%clk 0:58:38]} 23.
a3 {[%clk 1:18:45]} Kh7 {[%clk 0:58:47]} 24. Rdd2 {[%clk 1:13:04]} Qf7 {[%clk
0:57:49]} 25. f4 {[%clk 1:01:18]} Rxf4 {[%clk 0:56:03]} 26. Rxf4 {[%clk 1:01:45]}
Qxf4 {[%clk 0:56:32]} 27. g3 {[%clk 0:52:17]} Qg5 {[%clk 0:54:00]} 28. e5 {[%clk
0:49:37]} Bh3 {[%clk 0:46:20]} 29. Qf4 {[%clk 0:36:03]} Qg6 {[%clk 0:37:39]} 30.
Kf2 {[%clk 0:34:20]} Qc6 {[%clk 0:35:17]} 31. Ke3 {[%clk 0:32:24]} Qc8 {[%clk
0:26:31]} 32. Rd4 {[%clk 0:23:17]} Bf5 {[%clk 0:25:01]} 33. c3 {[%clk 0:22:49]}
Bg6 {[%clk 0:24:40]} 34. g4 {[%clk 0:21:08]} Qc6 {[%clk 0:23:20]} 35. Rd6 {[%clk
0:20:16]} Qh1 {[%clk 0:14:48]} 36. Rxg6 {[%clk 0:18:35]} Qe1+ {[%clk 0:14:43]}
37. Kd4 {[%clk 0:17:53]} Qg1+ {[%clk 0:13:30]} 38. Kd5 {[%clk 0:16:06]} Qd1+
{[%clk 0:13:18]} 39. Ke6 {[%clk 0:14:00]} Qb3+ {[%clk 0:12:19]} 40. Kd6 {[%clk
0:10:43]} Qg8 {[%clk 0:11:56]} 41. Ke7 {[%clk 0:05:47]} Qc8 {[%clk 0:12:02]} 42.
Rxg7+ {[%clk 0:05:39]} Kxg7 {[%clk 0:12:30]} 43. Qf7+ {[%clk 0:05:57]} Kh8 {[%clk
0:12:55]} 44. Qf8+ {[%clk 0:06:14]} 1-0

[Event "U14 Polish Youth Championship"]
[Site "chess24.com"]
[Date "2018.05.01"]
[Round "4"]
[White "Czernek, Tymon"]
[Black "Czechowski, Jakub"]
[Result "1-0"]
[Board "5"]
[WhiteElo "2057"]
[WhiteCountry "POL"]
[WhiteFideId "1199510"]
[WhiteEloChange "3"]
[BlackElo "1770"]
[BlackCountry "POL"]
[BlackFideId "21820511"]
[BlackEloChange "-3"]

1. d4 {[%clk 1:30:30]} Nf6 {[%clk 1:30:30]} 2. Bf4 {[%clk 1:30:30]} g6 {[%clk
1:30:30]} 3. Nc3 {[%clk 1:30:30]} d5 {[%clk 1:30:30]} 4. e3 {[%clk 1:30:30]} Bg7
{[%clk 1:30:30]} 5. h4 {[%clk 1:30:30]} O-O {[%clk 1:30:30]} 6. h5 {[%clk
1:30:30]} c5 {[%clk 1:30:30]} 7. Nb5 {[%clk 1:30:30]} Na6 {[%clk 1:30:30]} 8. c3
{[%clk 1:30:30]} cxd4 {[%clk 1:30:30]} 9. exd4 {[%clk 1:30:30]} Bd7 {[%clk
1:30:30]} 10. hxg6 {[%clk 1:30:30]} fxg6 {[%clk 1:30:30]} 11. Qb3 {[%clk
1:30:30]} e5 {[%clk 1:30:30]} 12. Bxe5 {[%clk 1:30:30]} Re8 {[%clk 1:30:30]} 13.
O-O-O {[%clk 1:30:30]} Rxe5 {[%clk 1:30:30]} 14. dxe5 {[%clk 1:30:30]} Nc5 {[%clk
1:30:30]} 15. Qb4 {[%clk 1:30:30]} Nfe4 {[%clk 1:30:30]} 16. Nf3 {[%clk 1:30:30]}
a5 {[%clk 1:30:30]} 17. Qd4 {[%clk 1:30:30]} Bc6 {[%clk 1:30:30]} 18. Bc4 {[%clk
1:30:30]} Qb6 {[%clk 1:30:30]} 19. Bxd5+ {[%clk 1:30:30]} Kh8 {[%clk 1:30:30]}
20. Bxe4 {[%clk 1:30:30]} Bxe4 {[%clk 1:30:30]} 21. Rxh7+ {[%clk 1:30:30]} Kxh7
{[%clk 1:30:30]} 22. Ng5+ {[%clk 1:30:30]} Kh6 {[%clk 1:30:30]} 23. Nxe4 {[%clk
1:30:30]} 1-0

[Event "U14 Polish Youth Championship"]
[Site "chess24.com"]
[Date "2018.05.01"]
[Round "4"]
[White "Redzisz, Michal"]
[Black "Kania, Dominik"]
[Result "1-0"]
[Board "6"]
[WhiteElo "1950"]
[WhiteCountry "POL"]
[WhiteFideId "21816107"]
[WhiteEloChange "5"]
[BlackElo "1758"]
[BlackCountry "POL"]
[BlackFideId "21845204"]
[BlackEloChange "-5"]

1. e4 {[%clk 1:30:58]} c6 {[%clk 1:30:55]} 2. Nc3 {[%clk 1:30:35]} d5 {[%clk
1:31:19]} 3. Nf3 {[%clk 1:31:03]} dxe4 {[%clk 1:31:16]} 4. Nxe4 {[%clk 1:31:29]}
Bf5 {[%clk 1:31:24]} 5. Ng3 {[%clk 1:31:56]} Bg4 {[%clk 1:31:49]} 6. h3 {[%clk
1:31:50]} Bxf3 {[%clk 1:32:13]} 7. Qxf3 {[%clk 1:32:17]} Nf6 {[%clk 1:32:15]} 8.
Be2 {[%clk 1:31:41]} e6 {[%clk 1:29:07]} 9. O-O {[%clk 1:31:41]} Nbd7 {[%clk
1:29:07]} 10. d4 {[%clk 1:30:11]} Be7 {[%clk 1:25:30]} 11. Rd1 {[%clk 1:24:18]}
O-O {[%clk 1:22:40]} 12. Nf1 {[%clk 1:23:44]} Qb6 {[%clk 1:14:55]} 13. b3 {[%clk
1:20:47]} c5 {[%clk 1:05:50]} 14. Bb2 {[%clk 1:16:41]} Rfd8 {[%clk 0:56:57]} 15.
Ne3 {[%clk 1:12:50]} cxd4 {[%clk 0:53:55]} 16. Bxd4 {[%clk 1:12:39]} Bc5 {[%clk
0:53:05]} 17. Nc4 {[%clk 1:06:40]} Qc7 {[%clk 0:51:57]} 18. a4 {[%clk 1:02:44]}
Bxd4 {[%clk 0:49:15]} 19. Rxd4 {[%clk 1:02:51]} Nb6 {[%clk 0:47:18]} 20. Rad1
{[%clk 1:00:34]} Rxd4 {[%clk 0:41:42]} 21. Rxd4 {[%clk 1:01:01]} Nbd5 {[%clk
0:41:07]} 22. Qd3 {[%clk 0:55:53]} Nf4 {[%clk 0:39:26]} 23. Qf3 {[%clk 0:50:22]}
Nxe2+ {[%clk 0:37:41]} 24. Qxe2 {[%clk 0:50:46]} Nd5 {[%clk 0:35:37]} 25. Qd2
{[%clk 0:48:19]} Rc8 {[%clk 0:32:44]} 26. Ne3 {[%clk 0:46:05]} Nf6 {[%clk
0:24:54]} 27. c4 {[%clk 0:35:53]} h6 {[%clk 0:21:54]} 28. Ng4 {[%clk 0:23:33]}
Nxg4 {[%clk 0:21:13]} 29. hxg4 {[%clk 0:19:43]} Kf8 {[%clk 0:15:55]} 30. Rd7
{[%clk 0:19:12]} Qb6 {[%clk 0:13:51]} 31. a5 {[%clk 0:18:45]} Qc5 {[%clk
0:12:11]} 32. Rd8+ {[%clk 0:18:52]} 1-0

[Event "U14 Polish Youth Championship"]
[Site "chess24.com"]
[Date "2018.05.01"]
[Round "4"]
[White "Poltorak, Sebastian"]
[Black "Dzida, Kamil"]
[Result "1/2-1/2"]
[Board "7"]
[WhiteElo "1705"]
[WhiteCountry "POL"]
[WhiteFideId "1199498"]
[WhiteEloChange "6"]
[BlackElo "1938"]
[BlackCountry "POL"]
[BlackFideId "21828652"]
[BlackEloChange "-6"]

1. d4 {[%clk 1:30:56]} Nf6 {[%clk 1:30:47]} 2. c4 {[%clk 1:31:22]} e6 {[%clk
1:31:13]} 3. Nc3 {[%clk 1:31:48]} Bb4 {[%clk 1:31:38]} 4. Qc2 {[%clk 1:32:12]} c5
{[%clk 1:32:02]} 5. dxc5 {[%clk 1:32:28]} Na6 {[%clk 1:32:26]} 6. a3 {[%clk
1:32:38]} Bxc3+ {[%clk 1:32:51]} 7. Qxc3 {[%clk 1:33:04]} Nxc5 {[%clk 1:33:15]}
8. b4 {[%clk 1:33:20]} Na4 {[%clk 1:33:23]} 9. Qc2 {[%clk 1:32:29]} b5 {[%clk
1:33:49]} 10. Nf3 {[%clk 1:32:29]} Qc7 {[%clk 1:11:55]} 11. e3 {[%clk 1:25:45]}
Nb6 {[%clk 1:12:03]} 12. c5 {[%clk 1:24:49]} a6 {[%clk 1:12:27]} 13. Bd3 {[%clk
1:24:33]} Na4 {[%clk 1:12:43]} 14. e4 {[%clk 1:17:02]} Bb7 {[%clk 1:13:00]} 15.
O-O {[%clk 1:14:58]} Rc8 {[%clk 1:12:09]} 16. Bb2 {[%clk 1:03:25]} Nxb2 {[%clk
1:07:55]} 17. Qxb2 {[%clk 1:03:51]} O-O {[%clk 1:08:18]} 18. e5 {[%clk 1:01:12]}
Ng4 {[%clk 1:07:48]} 19. Rae1 {[%clk 0:50:15]} f6 {[%clk 1:07:52]} 20. Be4 {[%clk
0:47:13]} Bxe4 {[%clk 1:03:35]} 21. Rxe4 {[%clk 0:47:36]} Nxe5 {[%clk 1:03:57]}
22. Nxe5 {[%clk 0:47:51]} fxe5 {[%clk 1:04:21]} 23. Qxe5 {[%clk 0:40:17]} a5
{[%clk 0:58:58]} 24. Qd4 {[%clk 0:36:09]} axb4 {[%clk 0:59:11]} 25. axb4 {[%clk
0:36:30]} Rf5 {[%clk 0:59:31]} 26. Rg4 {[%clk 0:29:43]} g6 {[%clk 0:58:44]} 27.
Ra1 {[%clk 0:29:35]} Rcf8 {[%clk 0:56:22]} 28. f3 {[%clk 0:29:21]} Rd5 {[%clk
0:56:33]} 29. Qc3 {[%clk 0:29:01]} d6 {[%clk 0:47:29]} 30. Qe3 {[%clk 0:26:55]}
dxc5 {[%clk 0:46:53]} 31. Qxe6+ {[%clk 0:26:58]} Qf7 {[%clk 0:47:13]} 32. Qxf7+
{[%clk 0:25:06]} Rxf7 {[%clk 0:45:40]} 33. bxc5 {[%clk 0:25:30]} Rxc5 {[%clk
0:46:05]} 1/2-1/2

[Event "U14 Polish Youth Championship"]
[Site "chess24.com"]
[Date "2018.05.01"]
[Round "4"]
[White "Oborski, Artur"]
[Black "Wysocki, Mateusz"]
[Result "0-1"]
[Board "8"]
[WhiteElo "1921"]
[WhiteCountry "POL"]
[WhiteFideId "21844810"]
[WhiteEloChange "-17"]
[BlackElo "1626"]
[BlackCountry "POL"]
[BlackFideId "21810621"]
[BlackEloChange "17"]

1. d4 {[%clk 1:30:58]} Nf6 {[%clk 1:30:39]} 2. c4 {[%clk 1:31:20]} g6 {[%clk
1:30:55]} 3. g3 {[%clk 1:31:42]} Bg7 {[%clk 1:31:14]} 4. Bg2 {[%clk 1:31:58]} O-O
{[%clk 1:31:32]} 5. Nf3 {[%clk 1:32:21]} d6 {[%clk 1:30:36]} 6. O-O {[%clk
1:32:30]} Nc6 {[%clk 1:30:09]} 7. Nc3 {[%clk 1:32:50]} a6 {[%clk 1:28:52]} 8. Re1
{[%clk 1:33:07]} Rb8 {[%clk 1:25:48]} 9. Rb1 {[%clk 1:33:20]} Bd7 {[%clk
1:10:50]} 10. b4 {[%clk 1:29:07]} b5 {[%clk 1:05:40]} 11. cxb5 {[%clk 1:29:23]}
axb5 {[%clk 1:06:03]} 12. e4 {[%clk 1:28:26]} e5 {[%clk 1:00:52]} 13. d5 {[%clk
1:27:37]} Ne7 {[%clk 0:59:39]} 14. Nd2 {[%clk 0:59:41]} c6 {[%clk 0:55:20]} 15.
dxc6 {[%clk 0:50:03]} Nxc6 {[%clk 0:54:14]} 16. Nf1 {[%clk 0:47:44]} Be6 {[%clk
0:51:54]} 17. Ne3 {[%clk 0:46:02]} Nd4 {[%clk 0:50:12]} 18. a3 {[%clk 0:39:45]}
Qd7 {[%clk 0:42:58]} 19. Ne2 {[%clk 0:34:42]} Nxe2+ {[%clk 0:26:26]} 20. Rxe2
{[%clk 0:30:43]} Ng4 {[%clk 0:24:50]} 21. Nd5 {[%clk 0:27:16]} Nf6 {[%clk
0:21:42]} 22. Nxf6+ {[%clk 0:25:52]} Bxf6 {[%clk 0:21:58]} 23. Rd2 {[%clk
0:24:02]} Be7 {[%clk 0:20:18]} 24. Bb2 {[%clk 0:23:45]} Qa7 {[%clk 0:19:34]} 25.
h4 {[%clk 0:22:02]} h5 {[%clk 0:19:19]} 26. Rc1 {[%clk 0:19:03]} Rfc8 {[%clk
0:19:06]} 27. Rxc8+ {[%clk 0:18:14]} Rxc8 {[%clk 0:19:27]} 28. Bf1 {[%clk
0:15:54]} Qb7 {[%clk 0:19:20]} 29. Rc2 {[%clk 0:14:12]} Qxe4 {[%clk 0:17:34]} 30.
Rxc8+ {[%clk 0:10:29]} Bxc8 {[%clk 0:17:55]} 31. Bxb5 {[%clk 0:10:51]} Bb7 {[%clk
0:17:54]} 32. f3 {[%clk 0:11:16]} Qe3+ {[%clk 0:17:47]} 33. Kg2 {[%clk 0:11:21]}
d5 {[%clk 0:06:26]} 34. Qe2 {[%clk 0:11:13]} Qxe2+ {[%clk 0:06:22]} 35. Bxe2
{[%clk 0:11:35]} d4 {[%clk 0:06:35]} 36. Kf2 {[%clk 0:10:48]} f5 {[%clk 0:06:43]}
37. Bc4+ {[%clk 0:09:49]} Kf8 {[%clk 0:07:08]} 38. b5 {[%clk 0:09:47]} Bc5 {[%clk
0:07:16]} 39. Ke2 {[%clk 0:09:15]} e4 {[%clk 0:07:06]} 40. fxe4 {[%clk 0:09:17]}
fxe4 {[%clk 0:07:35]} 41. a4 {[%clk 0:09:18]} Ke7 {[%clk 0:07:26]} 42. a5 {[%clk
0:09:18]} d3+ {[%clk 0:07:46]} 43. Kf1 {[%clk 0:09:19]} d2 {[%clk 0:07:56]} 44.
Ke2 {[%clk 0:08:32]} e3 {[%clk 0:08:21]} 45. Bb3 {[%clk 0:08:58]} Bc8 {[%clk
0:07:39]} 46. b6 {[%clk 0:07:53]} Ba6+ {[%clk 0:07:50]} 47. Kd1 {[%clk 0:07:23]}
e2+ {[%clk 0:07:44]} 0-1